Allgemeinwissen #10 - Statistiken

Allgemein
  • Dieses Quiz wurde 626 mal gespielt
  • Das Durchschnittsergebnis liegt bei 10 aus 20
Antwortstatistiken
Hint Antwort % Korrekt
Was ist das Symbol von Neon? Ne
92%
Symbol von Kohlenstoff C
90%
Welchen Vornamen teilen sich Bieber und Timberlake? Justin
89%
10² 100
88%
Wie lautet das spanische Wort für "Hallo"? Hola
85%
Wie hieß der erste Mensch auf dem Mond? Neil Armstrong
75%
Wie nennt man ein männliches Schaf? Bock
71%
Wie werden mehrzellige Tiere ohne Wirbelsäule bezeichnet? Wirbellose
65%
2¹⁰ 1024
58%
Was ist die Summenformel von Natriumchlorid? NaCl
57%
Aus welchem Element besteht die Erdatmosphäre hauptsächlich? Stickstoff
57%
Wofür steht die abkürzung PC? Personal Computer
56%
Pi mit den ersten 5 Nachkommastellen 3,14159
50%
Jüngstes Land (Gründung 2011) Südsudan
27%
Wofür steht die Abkürzung CPU? Central Processing Unit
18%
Wofür steht die Abkürzung NES? Nintendo Entertainment System
18%
Wie lautet die zehnte Fibonacci-Zahl? 55
15%
Wie heißt das Fest an dem die Befreiung Israels aus Knechtschaft in Ägypten gefeiert wird? Pessach
9%
Welcher Mathematiker ist Namensgeber der Zahl "e"? Leonhard Euler
7%
Was ist der Durchmesser der Erde? 12742 Kilometer
0%
Keine übereinstimmenden Quizze gefunden
Verteilung der Resultate
Anzahl Personen mit jedem Resultat
Perzentil nach korrekt beantworteten Fragen
Ihre Resultats-Entwicklung
Sie haben dieses Quiz noch nicht gespielt